Estadísticas para Gasto en Educación por País

Haz click aquí para intentar la prueba.

Estadísticas generales

  • Esta prueba ha sido intentada 1.088 veces
  • La puntuación promedio es 16 de 19

Estadísticas de respuestas

TotalPer CápitaPaís% Correcto
$899Estados Unidos
98%
$159Francia
96%
$227Japón
95%
$192Alemania
94%
$85.1Canadá
93%
$4,607Suecia
93%
$3,556Finlandia
92%
$7,500Noruega
92%
$170Reino Unido
91%
$105Italia
90%
$83.1Rusia
90%
$82.4$3,513Australia
87%
$4,323Suiza
85%
$5,198Dinamarca
84%
$4,644Islandia
77%
$150Brasil
73%
$3,243Irlanda
69%
$4,762Luxemburgo
64%
$3,504Catar
35%

Distribución de puntuación

Porcentaje por número respondido

Porcentaje de gente con cada puntuación

Historial de tus puntuaciones

No has intentado esta prueba.